Real estate valuation : accreditation in Saudi Arabia

Bibliographic Details
Corporate Author: Saudi Authority Accedited Valuers (TAQEEM)
Format: Book
Language:English
Published: Saudi : Saudi Authority for Accredited Valuers 2018
Subjects:

MARC

LEADER 00000cam a2200000 7i4500
001 0000028355
005 20241122.0
008 190207 ts a eng
040 |a INS   |b eng   |e rda 
090 0 0 |a HD1387   |b S38 2018 
110 2 |a Saudi Authority Accedited Valuers (TAQEEM) 
245 0 0 |a Real estate valuation :   |b accreditation in Saudi Arabia 
264 1 |a Saudi :   |b Saudi Authority for Accredited Valuers   |c 2018 
300 |a 20 pages of unnumbered plates :   |b illustration ;   |c 16 cm. 
336 |a text  |2 rdacontent 
337 |a unmediated  |2 rdamedia 
338 |a volume  |2 rdacarrier 
650 0 |a Real estate business 
650 0 |a Real property   |x Valuation 
999 |a 0000024562   |b BOOK   |c Open Shelf   |e Default branch